Former Countries Quiz - Statistics

General Stats
  • This quiz has been taken 22 times
  • The average score is 14 of 25
Answer Stats
Capital YR End Country % Correct
16) Edinburgh 1707 Scotland
95%
5) Moscow 1991 Soviet Union
95%
3) Belgrade 1992 Yugoslavia
90%
11) Vienna/Budapest 1918 Austria Hungary
85%
6) Prague 1993 Czechoslovakia
85%
22) East Berlin 1990 East Germany
85%
12) Honolulu 1898 Hawaii
85%
21) Constantinople 1923 Ottoman
80%
2) Bonn 1990 West Germany
80%
7) Austin 1845 Texas
75%
1) Saigon 1975 South Vietnam
70%
18) Tenochtitlan 1521 Aztec
65%
17) Cuzco 1532 Inca
65%
19) Niani, Timbuktu 1610 Mali
55%
8) Berlin, Königsberg 1947 Prussia
50%
10) Lhasa 1951 Tibet
50%
13) Dhaka/Dacca 1971 East Pakistan
40%
14) St Johns 1949 Newfoundland
40%
4) Richmond 1865 Confederate States of America
30%
24) Leopoldville 1997 Zaire
30%
23) Agra 1858 Mughal
25%
9) Cairo 1971 United Arab Republic
25%
20) Addis Ababa 1270-1974 Abyssinia
20%
15) Gangtok 1975 Sikkim
10%
25) Bogota 1819-1830 Gran Columbia
0%
No matching quizzes found
Score Distribution
Percent of People with Each Score
Percentile by Number Answered
Your Score History
You have not taken this quiz